00556nam a22001697a 4500003000200000005001700002008004100019020002200060050002300082100003300105245008400138250001700222260004900239300002700288504005600315650001500371020231204075118.0231204b xxu||||| |||| 00| 0 eng d a978-621-416-119-5 aHF 5667b.C33 2022 aCabrera,Ma. Elenita Balatbat aAuditing and assurance: concepts and applicationscMa. Elenita Balatbat Cabrera a2022 edition aManilabGIC Enterprises & Co., Inc. cc2022. a800 pages ;c24 pages  aIncludes bibliographical references and appendices. aAuditing.